ბათუმის შოთა რუსთაველის სახელმწიფო უნივერსიტეტის ბიბლიოთეკა

ჩანაწერი Geographic Name

ჩანაწერთა რაოდენობა, რომელიც გამოყენებულია: 1

001 - CONTROL NUMBER

  • control field: 1584

003 - CONTROL NUMBER IDENTIFIER

  • control field: GE_BSU

005 - DATE AND TIME OF LATEST TRANSACTION

  • control field: 20190524161431.0

008 - FIXED-LENGTH DATA ELEMENTS

  • fixed length control field: 190524|| aca||aabn | a|a d

040 ## - CATALOGING SOURCE

  • Original cataloging agency: GE_BSU
  • Transcribing agency: GE_BSU

151 ## - HEADING--GEOGRAPHIC NAME

  • Geographic name: Yorkshire (England)
  • Form subdivision: Fiction.

670 ## - SOURCE DATA FOUND

  • Source citation: Work cat.: (GE_BSU)36182: Brontë, Emily, 1818-1848 1579, Wuthering Heights,, 1965.